00740nam a2200205 4500001000700000003000900007005001700016007000300033008004100036100002900077245008600106250001200192260007300204300003200277600002800309700003000337852002200367999001900389952012600408145448ES-MaACL20230906201232.0t|070214s1960 sp r ||||1| spa d1 aStern, Benjamin.910812210aEichmann b: su vida, sus víctimas / c[por Benjamin Stern y Pelagia Lewinska]. a2ª ed. aBarcelona : bFomento Internacional de Cultura, c[1960] (fSaturno) a286 p., 5 lám. ; c13 cm.14aEichmann, Adolf.9468121 aLewinska, Pelagia.972035 aES-MaACLjC-19724 c145448d145448 00104070aATENEOMbATENEOMcGaleríad2008-01-17eSCl0oC-19724p1151824r2023-02-23 00:00:00w2023-02-23yMONOGRAFIA